000 00515nam a22001937a 4500
003 NUST - PNEC
005 20170116180809.0
008 150424b xxu||||| |||| 00| 0 eng d
020 _a9788174366177
040 _cLIBRARY
082 _a364.1524 MAL
100 _93205
_aMalgonkar, Manohar
245 _aThe men who killed Gandhi
_cManohar Malgonkar
250 _a-
260 _aIndia
_bLotus Collection Roli Books
_cc2008.
300 _a354 p. :
650 _93207
_aAssassination
_xGeneral
942 _2ddc
_cBK
999 _c63300
_d63300